| 000 | 01137nam a2200229Ia 4500 | ||
|---|---|---|---|
| 001 | L200-53859 | ||
| 003 | IT-CnALBA | ||
| 008 | 170116s9999||||xx |||||||||||||| ||und|| | ||
| 040 |
_aIT-CnALBA _cIT-CnALBA |
||
| 041 | _aITALIANO | ||
| 100 | _aBIFFI INOS | ||
| 245 | 0 | _aPROGETTATI IN CRISTO. MOMENTI PRINCIPALI DELLA FEDE CRISTIANA. | |
| 250 | _a1a ed. | ||
| 260 |
_aMILANO _bJACA BOOK EDITORIALE _c1993 [1° Ed.:1993 - Ed.Ling.Originale: 1993] |
||
| 300 | _a58 p. | ||
| 500 | _aDISEGNO ORIGINARIO. L'UNIVERSO CONCEPITO IN CRISTO. LA RIVELAZIONE E LA FILOSOFIA. PAROLA DI DIO E FEDE DELL'UOMO. PECCATO E REDENZIONE. CHIESA OPERA DI CRISTO E DELLO SPIRITO SANTO. ETICA E SPERANZA CRISTIANA. | ||
| 501 | _aSocietà San Paolo EM - Piazza San Paolo, 14 - 12051 ALBA (CN) (non commercial uses only) ® Copyright 2017 | ||
| 520 | _aDISEGNO ORIGINARIO. L'UNIVERSO CONCEPITO IN CRISTO. LA RIVELAZIONE E LA FILOSOFIA. PAROLA DI DIO E FEDE DELL'UOMO. PECCATO E REDENZIONE. CHIESA OPERA DI CRISTO E DELLO SPIRITO SANTO. ETICA E SPERANZA CRISTIANA. | ||
| 650 | _aRELIGIONE - RELIGIONE CRISTIANA | ||
| 942 | _cBK | ||
| 957 | _71 | ||
| 999 |
_a71349 _bNO _g Copie: 1 _c312734 _d312734 |
||